[Event "Staufer op 14th"]
[Site "Schwaebisch Gmuend"]
[Date "2002.??.??"]
[Round "2"]
[White "Pribyl, Josef"]
[Black "Grill, Bernd"]
[Result "1-0"]
[WhiteElo "2415"]
[BlackElo "2109"]
[PlyCount "105"]
[EventDate "2002.02.??"]
[EventType "swiss"]
[EventRounds "9"]
[EventCountry "GER"]
[SourceTitle "EXT 2003"]
[Source "ChessBase"]
[SourceDate "2002.11.25"]
[SourceVersion "1"]
[SourceVersionDate "2002.11.25"]
[SourceQuality "1"]

1. d4 d5 2. Nf3 Nf6 3. g3 Bf5 4. Bg2 e6 5. 0-0 Bd6 6. c4 c6 7. Qb3 Qb6 8. c5 Qxb3 9. axb3 Bc7 10. Bd2 Nbd7 11. Nc3 h6 12. b4 0-0 13. b5 e5 14. dxe5 Nxe5 15. Nd4 Bd7 16. Ra2 a6 17. Rfa1 Rab8 18. bxa6 bxa6 19. Nd1 Bc8 20. f4 Ned7 21. Nxc6 Nxc5 22. Nxb8 Bxb8 23. Bb4 Ba7 24. Kf1 Re8 25. Bxc5 Bxc5 26. Rc1 Bb4 27. Nf2 Ng4 28. Nxg4 Bxg4 29. b3 d4 30. h3 Be6 31. Rxa6 Bxb3 32. Ra8 Rxa8 33. Bxa8 Be6 34. Kg2 h5 35. Rb1 Bd2 36. Rb5 g6 37. Bd5 Bxd5+ 38. Rxd5 Be3 39. Kf3 Kg7 40. g4 hxg4+ 41. hxg4 Kf6 42. Ke4 Ke6 43. Rxd4 Bc1 44. Rc4 Bb2 45. Rc6+ Kd7 46. Kd5 Ba3 47. e4 Bb4 48. e5 Bd2 49. f5 gxf5 50. gxf5 Bb4 51. Rb6 Ba3 52. Rb7+ Ke8 53. e6 1-0